Богомилството (Запис номер 50218)
[ съкратено ]
| 000 -Лидер | |
|---|---|
| Контролно поле с фиксирана дължина | 02516nam a2200421 c 4500 |
| 003 - Код на организацията, давaща контролен номер | |
| Контролно поле | BLK |
| 005 - Дата и час на последна редакция | |
| Контролно поле | 20250119004104.0 |
| 008 - Елементи от данни с фиксирана дължина | |
| fixed length control field | 180408b bul|||||r ||||||| ||bul|| |
| 010 ## - Наследен системен номер | |
| LC control number | KNG00054089000 |
| 020 ## - Международен стандартен номер на книга ISBN | |
| Международен стандартен номер на книга ISBN | 954-8177-36-6 |
| -- | издат.: М-8-М |
| 040 ## - Източник на каталожния запис | |
| Идентификатор на билиотеката - собственик на записа | BLK |
| 041 ## - Код за език | |
| Код за езика на текст/звукозапис или на отделно заглавие | Български |
| Код за езика КДБФ | Български |
| 080 ## - УДК | |
| Текстов определител УДК | Религиозни гонения. Мъченици. Схизми. Ереси. Гностицизъм, агностицизъм, арианство, янсенизъм, исихазъм. Вж и 165.73; 211.5 |
| УДК код - определител по УДК | 272/273 |
| УДК определител | |
| УДК - код + определител | 272/273 |
| 080 ## - УДК | |
| Текстов определител УДК | Българска литература |
| УДК код - определител по УДК | 821.163.2 |
| УДК определител | (091) |
| УДК - код + определител | 821.163.2(091) |
| 080 ## - УДК | |
| Текстов определител УДК | Фолклор (в тесен смисъл) |
| УДК код - определител по УДК | 398 |
| УДК определител | (497.2) |
| УДК - код + определител | 398(497.2) |
| 080 ## - УДК | |
| Текстов определител УДК | Паметници на културата на историческите периоди. Археологическите паметници. Старини |
| УДК код - определител по УДК | 904 |
| УДК определител | :718 |
| УДК - код + определител | 904:718 |
| 100 1# - Редна дума - Автор | |
| Автор | Николова, Видка |
| Авторска отговорност | първи автор |
| Автор - информация (биография) | Кочева, Видка Николова |
| R(LIN) | 368442 |
| 139 ## - Редно поле | |
| Редна дума | Николова, Видка |
| Авторски знак | Николова - Н 75 |
| 245 10 - Сведения за заглавието | |
| Заглавие | Богомилството |
| Подзаглавни данни | Предобрази и идеи ; Бълг. новозаветно мислене |
| Редно поле (дума) | Видка Николова. |
| 257 ## - Страна на издаване | |
| Страна на създаване/издаване | България |
| 260 ## - Област на издателските данни | |
| -- | София |
| Име на издателя, разпространителя и проч. | М-8-М |
| Година на издаване | 2005 |
| 300 ## - Физическа характеристика | |
| Страници | 224 с. |
| Размери/Мащаб | 24 см |
| 380 ## - Жанр | |
| Жанр | Философия |
| 500 ## - Общи забележки | |
| Забележка | Пълното име на авт. е Видка Николова Кочева ; В. Харалампиева известна като Веска Любомирова Цинандова-Харалампиева. - На гърба на загл. с. и в библиогр. каре за изд. погрешно означено и Нар. Библ. Св. Св. Кирил и Методий. - Съдържа и За книгата - към читателя / Кирил Йорданов, Румен Шивачев, Лилия Кирова, Веска Харалампиева, прев. и на англ. и рус. ез. - Рез. на фр. ез. |
| 650 #4 - Допълнително описание по предмет – тема | |
| Основно описание – тема или топоним | Богомилство |
| 9 (RLIN) | 148866 |
| 650 #4 - Допълнително описание по предмет – тема | |
| Основно описание – тема или топоним | Религиозни общества |
| 9 (RLIN) | 265317 |
| 650 #4 - Допълнително описание по предмет – тема | |
| Основно описание – тема или топоним | Фолклор |
| 9 (RLIN) | 175904 |
| 650 #0 - Допълнително описание по предмет – тема | |
| Основно описание – тема или топоним | България - история |
| 9 (RLIN) | 244493 |
| 653 ## - Ключова дума – ненормативна | |
| Ключова дума | богомилство |
| 653 ## - Ключова дума – ненормативна | |
| Ключова дума | религия |
| 653 ## - Ключова дума – ненормативна | |
| Ключова дума | философия |
| 852 ## - Местоположение | |
| Форматна сигнатура | Цб 223906 |
| 856 4# - Електронен адрес и достъп | |
| Електронен формат | pdf - файл |
| Път до файла /url/ | |
| 856 4# - Електронен адрес и достъп | |
| Електронен формат | pdf - файл |
| Път до файла /url/ | |
| 942 ## - АРТИКУЛИ | |
| Вид на библиотечния материал | Книги |
| Скрит в OPAC | Не |
| Koha issues (borrowed), all copies | 1 |
| 944 ## - СЪЗДАВАНЕ И РЕДАКЦИЯ на ЗАПИСА | |
| Създаване/Редакция | Създаване |
| Дата на регистрацията/редакция | 31.05.2005 |
| Служител, извършил регистрацията/редакцията | |
| Статус, дата на статуса | CRON CRON |
| 944 ## - СЪЗДАВАНЕ И РЕДАКЦИЯ на ЗАПИСА | |
| Създаване/Редакция | Редакция |
| Дата на регистрацията/редакция | 03.05.2006 |
| Служител, извършил регистрацията/редакцията | |
| 999 ## - СИСТЕМНИ КОНТРОЛНИ НОМЕРА | |
| Koha biblionumber | 50218 |
| Koha biblioitemnumber | 50218 |
| Код за отписване | Код за изгубен артикул | Източник на класификационната схема | Код за повреда | Коз за рестрикции | Код за отдаване | Артикулен № | Име на библиотеката - собственик | Име на библиотеката, в която се намира в момента | Статус (Текущо местоположение) | Дата на вписване в системата | Местоположение - отдел | Цена в лева | Инвентарен номер | Систематично азбучна сигнатура | Баркод | Номер на екземпляра | Цена в евро | Служебна бележка | Служебен тип на артикула |
|---|---|---|---|---|---|---|---|---|---|---|---|---|---|---|---|---|---|---|---|
| Не е изгубен | Universal Decimal Classification | Не е повреден | без рестрикции | заемане за дома | 78553 | Регионална библиотека "Любен Каравелов" Русе | Регионална библиотека "Любен Каравелов" Русе | Заемна - подръчен фонд | 2005-05-31 | Заемна - подръчен фонд | 14.00 | 120000694560 | П 27/Н 75 | 120000694560 | 1 | 7.16 | Дост: Pk Вид: Ф N: 3 Дата: 31.05.2005 Дата инв: 02.02.2018 Бележки инв: П2018 | Книги | |
| Не е изгубен | Не е повреден | без рестрикции | ползва се в читалня | 78554 | Регионална библиотека "Любен Каравелов" Русе | Регионална библиотека "Любен Каравелов" Русе | Хранилище | 2006-05-03 | Хранилище | 14.00 | 120000701614 | Цб 223906 | 120000701614 | 2 | 7.16 | Дост: Dp Вид: Д N: 13 Дата: 16.03.2005 | Книги |